• 首页
  • 本馆介绍
  • 公告通知
  • 最新文献
  • 馆藏检索
  • 电子资源
  • 读者导购
  • 参考咨询
  • 我的图书馆
  • 登录
  • 详细信息显示
  • 放入我的书架
  • 预约/预借图书
  • 作者相关作品
  • 分类相关作品
  • 丛书相关作品
  • 出版社相关作品

书目信息

  • 表格格式
  • 工作单格式
  • 卡片格式
题名:
纳税咨询问答
    
 
作者: 李林军 编
分册:  
出版信息: 北京   中国税务出版社  2008.03
页数: 613页
开本: 24cm
丛书名: 全国税收"五五"普法丛书
单 册:
中图分类: D922.220.5
科图分类:
主题词: 税法--中国
电子资源:
ISBN: 978-7-80235-189-9
000 00612nam0 2200205 450
001 0857373564
005 20081208142607.04
010    @a978-7-80235-189-9@dCNY80.00
100    @a20081205d2008 km y0chiy0120 ea
101 0  @achi
200 1  @a纳税咨询问答@Ana shui zi xun wen da@f李林军等编@Fli lin jun deng bian
210    @a北京@c中国税务出版社@d2008.03
215    @a613页@d24cm
225 2  @a全国税收"五五"普法丛书
410  0 @12001 @a全国税收"五五"普法丛书
606 0  @a税法@y中国
690    @aD922.220.5@v4
701  0 @a李林军@Ali lin jun@4编
801  0 @aCN@bNISOFT@c20081208
905    @aBZT@dD922.220.5@e1@f5
    
    纳税咨询问答/李林军等编.-北京:中国税务出版社,2008.03
    613页;24cm.-(全国税收"五五"普法丛书)
    
    
    ISBN 978-7-80235-189-9:CNY80.00
    
●
相关链接 在五车中查询图书 在当当中查询图书 在豆瓣中查询图书


正题名:纳税咨询问答     索取号:D922.220.5/1         预约/预借

序号 登录号 条形码 馆藏地/架位号 状态 备注
1 0688001   2000688001   样本书库/样001架A面1层1列/ [索取号:D922.220.5/1] 在馆    
2 0688002   2000688002   中心书库南/013架A面2层4列/ [索取号:D922.220.5/1] 在馆    
3 0688003   2000688003   中心书库南/013架A面2层4列/ [索取号:D922.220.5/1] 在馆    
4 0688004   2000688004   中心书库南/013架A面2层4列/ [索取号:D922.220.5/1] 在馆    
5 0688005   2000688005   中心书库南/013架A面2层4列/ [索取号:D922.220.5/1] 在馆    
山东省滨州职业学院图书馆 欢迎您!
大连网信软件有限公司© 版权所有